| 000 | 01446nam2a22002651 4500 | ||
|---|---|---|---|
| 001 | rc\3776889 | ||
| 005 | 20250530050002.0 | ||
| 021 |
_aRU _b75-46937 |
||
| 021 |
_aRU _bРг9750-75 |
||
| 035 | _a(NLR Aleph) 007234505 | ||
| 090 |
_a7737692 _c7737692 |
||
| 100 | _a20120207d1975 |||y0rusy50 ca | ||
| 101 | 0 | _arus | |
| 102 | _aRU | ||
| 105 | _aa z ||||| | ||
| 200 | 1 |
_aАвтоматизированные системы управления технологическими процессами _fКиев. обл. и моск. гор. правл. Научн.-техн. о-ва приборостроит. пром-сти им. акад. С.И. Вавилова. Киев. политехн. ин-т. Моск. высш. техн. училище им. Н.Э. Баумана. Респ. дом. экон. и науч.-техн. пропаганды о-ва "Знание" УССР. Укр. НИИ науч.-техн. информации и техн.-экон. исследований. Госплана УССР |
|
| 210 |
_d1975 _aБ. м. |
||
| 215 |
_a112 с. _cил. |
||
| 320 | _aБиблиогр. в конце докл. | ||
| 461 | 0 |
_1001rc\2611369 _12001#$vСекция 3 _95986694 _aГолицин, В.М. _c[Москва] _d1930 _fГолицин _nМолодая гвардия _p32 с. _tЮный моряк _vСекция 3 |
|
| 801 | 0 |
_aRU _bNLR _gpsbo |
|
| 801 | 1 |
_aRU _bELAR _2rusmarc |
|
| 852 |
_aNLR _j75-3/2671 |
||
| 942 | _cBOOK | ||
| 980 | _aNB | ||